BIBLIOTHÈQUE DE LA MAISON DU MEXIQUE

Logo 1 Logo 2

Xavier Villaurrutia en persona y en obra (notice nᵒ 5701)

détails MARC
000 -Sello discográfico
campo de control de longitud fija 00915nam0a2200265 4500
005 - Identificación de versión
campo de control 20251030092231.0
035 ## - Otros números de control del sistema
Número de control del sistema 4645
099 ## - fechas locales
Tipo de ítem Koha LIBRO
100 ## - Datos de procesamiento general
Datos de procesamiento general 20120618d1978 m y0spay5003 ba
105 ## - Campo de datos codificados: Material textual, monográfico
Datos codificados de monografía y 001gb
200 1# - Título y mención de responsabilidad
Título propio Xavier Villaurrutia en persona y en obra
Designación general del material texto impreso
Otra información del título con 10 [diez] dibujos de Juan Soriano y una iconografía
Primer mención de responsabilidad Octavio Paz
205 ## - Declaración de edición
Declaración de edición 1a ed
210 ## - Publicación, distribución, etc.
Lugar de publicación, distribución, etc. México
Nombre del editor, distribuidor, etc. Fondo de Cultura Económica
Fecha de publicación, distribución, etc. 1978
215 ## - Descripción física
Designación de material específico y extensión del ítem 85 p
Otras características físicas fot., il.
Dimensiones 22 cm
345 ## - Nota de información de adquisición
Fuente de adquisición/dirección de la suscripción [OBSOLETO] Donación
600 ## - Nombre personal usado como materia
Elemento de entrada Villaurrutia y González
Parte del nombre distinta del elemento de entrada Xavier
Fechas 1903-1950
Número Koha 1772
700 ## - Nombre personal - Responsabilidad primaria
Elemento de entrada Paz Lozano
Parte del nombre distinta del elemento de entrada Octavio Irineo
Fechas 1914-1998
Número Koha 536
702 ## - Nombre personal - Responsabilidad secundaria
Elemento de entrada Rodríguez Montoya
Parte del nombre distinta del elemento de entrada Juan Francisco
Adiciones a los nombres que no sean fechas Juan Soriano
Fechas 1920-2006
Número Koha 6050
801 #0 - Fuente de origen
País FR
Agencia cm
Reglas de catalogación (convenciones descriptivas) AFNOR
900 ## -
-- 1/21176
942 ## - ELEMENTOS DE ENTRADA SECUNDARIOS (KOHA)
Tipo de ítem Koha Livre
996 ## -
-- MEX
-- 751145101
-- MMAG
-- 002775
-- 861.4 P348XA
-- 20120618LIV
Exemplaires
Estatus retirado Estado de daño Estado de pérdida Fecha de adquisición Biblioteca de origen Biblioteca actual Ubicación en estantería Código de barras Precio de reemplazo Signatura topográfica completa No para préstamo Tipo de ítem Koha Nota pública Nota no pública
      05/08/2025 Casa México Paris Casa México Paris   002775 05/08/2025 861.4 P348XA   Livre 20120618LIV 751145101